000 00511nam a2200205 a 4500
001 BRL_545
005 20190320210808.0
008 020913s1961----cn-a######---#000-0#eng-#
041 _aeng
044 _acn
050 4 _aPR6005.C213
_b.C64 1961
100 1 _aCohen, Leonard
_924259
245 1 0 _aThe spice-box of earth
_cLeonard Cohen.
260 _aCánada
_bMcClelland and Stewart
_c1961
300 _a99 p.
_bil.
_c22 cm.
500 _aAu645
650 1 4 _aPoesía
_917631
902 _aGRL
942 _2lcc
_cB
999 _c9357
_d9357